000 00545nam a22001817a 4500
003 OSt
005 20260115015406.0
008 260115b |||||||| |||| 00| 0 eng d
020 _a981-4096-80-6
040 _aDWCL-Admin lib
_cOC
082 _aCirc. 808.51 R817c 1999
100 _aRozakis, Laurie
245 _aThe complete idiot's guide to public speaking /
_cLaurie Rozakis
260 _a New York :
_bAlpha books,
_cc1999.
300 _axxv 358 p. ;
_c24 cm.
504 _ainclude index.
942 _2ddc
_cBK-CIRC
_e2nd ed.
_hCirc.
_n0
999 _c7395
_d7395